Find the Bullied TV Characters Quiz Stats

 Plays Quiz Updated Mar 30, 2018

Score 0/20 Timer 05:00
6 Plays Today
% Correct
Charlie Brown
Peanuts
96.4%
Meg Griffin
Family Guy
96.1%
Carlton Banks
The Fresh Prince of Bel-Air
91.4%
Milhouse Van Houten
The Simpsons
88.7%
Steve Urkel
Family Matters
88.4%
Dexter
Dexter's Laboratory
85%
Bobby Hill
King of the Hill
83.7%
Samuel 'Screech' Powers
Saved by the Bell
80.9%
Fez
That 70s Show
80%
Alan Harper
Two & a Half Men
79.1%
% Correct
Leopold 'Butters' Stotch
South Park
76.8%
Timmy Turner
The Fairly OddParents
76.5%
Jerry Gergich
Parks & Recreation
67.5%
Buster Bluth
Arrested Development
65.7%
Dib Membrane
Invader ZIM
65.3%
Toby Flenderson
The Office
64.4%
Charles Boyle
Brooklyn Nine-Nine
62%
Steve Smith
American Dad
61.7%
Gus P. Griswold
Recess
54%
Johnny 'J.D.' Lutz
30 Rock
46.3%

You're not logged in!

Compare scores with friends on all Sporcle quizzes.
OR
Log In

You Might Also Like...

Show Comments

Extras

Top Quizzes Today


Score Distribution

Your Account Isn't Verified!

In order to create a playlist on Sporcle, you need to verify the email address you used during registration. Go to your Sporcle Settings to finish the process.

Report this User

Report this user for behavior that violates our Community Guidelines.

Details: